000 00387nam a22001457a 4500
005 20200610151320.0
008 200610b xxu||||| |||| 00| 0 eng d
082 _a345.4 AIR
110 _aALL INDIA REPORTER
_95943
245 _aALL INDIA REPORTER [1978] [VOL-65] ALLAHABAD SECTION
260 _aBOMBAY
_bALL INDIA REPORTER
300 _a464;p
650 _aLAW
_95701
942 _cJRL
999 _c7004
_d7002